Giza reports : the Giza Plateau mapping project

Αποθηκεύτηκε σε:
Λεπτομέρειες βιβλιογραφικής εγγραφής
Άλλοι συγγραφείς: Lehner, Mark (Επιμελητής έκδοσης), Wetterstrom, Wilma (Επιμελητής έκδοσης), Hawass, Zahi A. (Συγγραφέας εισαγωγής κ.λπ.)
Μορφή: Βιβλίο
Γλώσσα:English
Δημοσίευση: Boston, MA : Ancient Egypt Research Associates, 2007-
Θέματα:
Ετικέτες: Προσθήκη ετικέτας
Δεν υπάρχουν, Καταχωρήστε ετικέτα πρώτοι!

MARC

LEADER 00000nam a2200000 i 4500
001 1/74124
008 080211m20079999 eng d
020 |a 0-9779370-1-1 
035 |l 10094560 
040 |a GR-MY-UA  |b gre  |e aacr 
041 0 |a eng 
082 0 |a 932.01  |2 (22) 
245 1 0 |a Giza reports :  |b the Giza Plateau mapping project /  |c edited by Mark Lehner, Wilma Wetterstrom ; with a foreword by Zahi Hawass 
260 |a Boston, MA :   |b Ancient Egypt Research Associates,   |c 2007- 
300 |a  τ.;  |b εικ.;  |c 28 εκ. 
500 |a Περιέχει χάρτες σε θήκη στο πίσω μέρος του βιβλίου 
505 0 |a Τ.1. Project history, survey, ceramics, and the main street and gallery III.4 operations 
650 0 0 |a Tombs  |z Egypt  |z Jizah. 
650 0 0 |a Excavations (Archaeology)  |z Egypt  |z Jizah. 
651 0 |a Jizah (Egypt)  |x Antiquities. 
700 0 |a Lehner, Mark.  |4 edt 
700 1 |a Wetterstrom, Wilma.  |4 edt 
700 1 |a Hawass, Zahi A.  |4 aui 
740 0 2 |a Project history, survey, ceramics, and the main street and gallery III.4 operations 
852 |a INST  |b RHODES  |e 20080211  |h 932.01 GIZ  |p 005400029988  |q 005400029988  |t BK  |y 0 
901 |a BIBL4-2008-1 
909 |a Ρ  |b 145327 
922 |a 4ΕΛΗ  |b 200801  |c ΕΠΕΑΕΚ2/ΤΜΣ  |d ΠΑΠΑΣΩΤΗΡΙΟΥ 
970 |a ΚΟΖΑ  |b ΜΑΡΙΑ  |z 2008/02/11